| 000 | 00948nam a22002535a 4500 | ||
|---|---|---|---|
| 003 | OSt | ||
| 005 | 20170219141208.0 | ||
| 008 | 170219s2013 ua frb 000 0 ara d | ||
| 020 | _z978979056 | ||
| 040 |
_aEG-ScBUE _bara _cEG-ScBUE |
||
| 043 | _af-ua--- | ||
| 082 | 0 | 4 |
_a346.6202 _bع ب د _222 |
| 100 | 1 |
_aعبد الرحمن، محمد حسن. _940933 |
|
| 245 | 1 | 0 |
_aأحكام الالتزام في القانون المدني المصري : _bدراسة مقارنة / _cمحمد حسن عبد الرحمن. |
| 250 | _aط. 1. | ||
| 260 |
_aالقاهرة : _bدار النهضة العربية، _c2013. |
||
| 300 |
_a471 ص. ؛ _c24 سم. |
||
| 504 | _aيشتمل على إرجاعات ببليوجرافية. | ||
| 650 | 7 |
_aالالتزامات _xقوانين وتشريعات _zمصر. _2BUEsh |
|
| 650 | 7 |
_aالالتزامات (فقه إسلامي) _2BUEsh _940937 |
|
| 651 | _2BUEsh | ||
| 653 |
_bLLAAWW _cFebruary2017 |
||
| 942 | _2ddc | ||
| 999 |
_c24194 _d24166 |
||